000 00425nam a2200181Ia 4500
001 13086
005 20260306163028.0
008 260306t2001||||xx |||||||||||||| ||spa||
041 _aESP
082 _aRD 985.003
_bE87 2001
100 _aEspinosa, Juan
_eAUT
245 0 _aDiccionario republicano
260 _c2001
300 _a673 páginas :
_c23 cm.
650 _aGEN
654 _aCHU
942 _cDIC
_dJUS
_fJUS
_2ddc
_n
999 _c13086
_d13086